[Event "Tournoi Skype 024B"]
[Site "Skype"]
[Date "????.??.??"]
[Round "4.36"]
[White "Schuh, David"]
[Black "Lecluyse, Koenraad"]
[Result "0-1"]
[WhiteElo "1000"]
[BlackElo "1227"]
[PlyCount "88"]

1. d4 d5 2. Bf4 Bf5 3. e3 Nf6 4. Nf3 Nc6 5. g3 e6 6. Bg2 Bd6 7. O-O Bxf4 8.
exf4 O-O 9. Nc3 Qd6 10. Re1 Qb4 11. Rb1 Bg4 12. h3 Bxf3 13. Bxf3 Nxd4 14. a3
Qc5 15. Bg2 Rad8 16. Re3 Nf5 17. Rd3 Rfe8 18. b4 Qd6 19. Nxd5 exd5 20. Bxd5
Nxd5 21. Rxd5 Qxd5 22. Qxd5 Rxd5 23. c4 b6 24. cxd5 h6 25. Kf1 Nd4 26. Re1 Rd8
27. Re4 Rxd5 28. Re5 Rd7 29. Ra5 bxa5 30. bxa5 c5 31. f3 Nxf3 32. Kf2 Nd2 33.
g4 f6 34. h4 g5 35. fxg5 fxg5 36. hxg5 hxg5 37. Ke1 Nf3+ 38. Ke2 Nh4 39. Ke3 c4
40. Ke4 Kg7 41. Ke5 c3 42. Ke6 Rf7 43. a6 c2 44. a4 c1=Q 0-1

[Event "Tournoi Skype 024B"]
[Site "Skype"]
[Date "????.??.??"]
[Round "4.37"]
[White "Uribe, Tata"]
[Black "Prasad, Sanjay"]
[Result "0-1"]
[WhiteElo "1000"]
[BlackElo "1219"]
[PlyCount "50"]

1. e4 e5 2. Nc3 Bc5 3. Bc4 Nf6 4. Nf3 d6 5. O-O O-O 6. d3 h6 7. Qd2 Ng4 8. h3
Nxf2 9. Rxf2 Bxf2+ 10. Kxf2 Nc6 11. Qe2 Nd4 12. Qe3 Nxf3 13. gxf3 Be6 14. h4
Bxc4 15. dxc4 Qxh4+ 16. Ke2 f5 17. exf5 Rxf5 18. Qf2 Qxc4+ 19. Kd2 e4 20. b3
Qf7 21. Bb2 Rxf3 22. Ke2 Rxf2+ 23. Kd1 Qf3+ 24. Ke1 e3 25. Rd1 Qh1# 0-1

[Event "Tournoi Skype 024B"]
[Site "Skype"]
[Date "????.??.??"]
[Round "4.38"]
[White "Vervoort, Jean-Louis"]
[Black "Ramirez, Luis Antonio"]
[Result "1-0"]
[WhiteElo "1217"]
[BlackElo "1000"]
[PlyCount "61"]

1. d4 d5 2. c4 Nf6 3. Nc3 e6 4. Bg5 Be7 5. Bxf6 Bxf6 6. e3 Bd7 7. Nf3 c6 8. Bd3
Qb6 9. b3 Be7 10. a3 Na6 11. O-O g6 12. c5 Qc7 13. b4 O-O 14. Rb1 Bf6 15. Bxa6
bxa6 16. Qa4 e5 17. Qxa6 exd4 18. exd4 Bc8 19. Qa4 Bg4 20. Qd1 Qf4 21. Ne2 Qe4
22. Rb3 Rfe8 23. Re1 Bf5 24. Re3 Qc2 25. Qxc2 Bxc2 26. Nc1 Re6 27. Rxe6 fxe6
28. Rxe6 Bg7 29. Rxc6 Re8 30. Rd6 Re2 31. Nxe2 1-0

[Event "Tournoi Skype 024B"]
[Site "Skype"]
[Date "????.??.??"]
[Round "4.39"]
[White "Baker, Abi"]
[Black "Sanchez, Pedro"]
[Result "1-0"]
[WhiteElo "1198"]
[BlackElo "1000"]
[PlyCount "55"]

1. c4 e5 2. Nc3 Bb4 3. e3 Bxc3 4. dxc3 Nf6 5. Nf3 b6 6. Nxe5 Ne4 7. Qf3 f6 8.
Qxe4 O-O 9. Qxa8 fxe5 10. Qxb8 Qf6 11. f3 Qh4+ 12. Kd1 d6 13. Qxc7 e4 14. f4
Bg4+ 15. Kc2 Qf2+ 16. Bd2 Be2 17. Bxe2 Qxe2 18. Qxd6 Qxc4 19. b3 Qc8 20. Qd5+
Kh8 21. Qxe4 Rd8 22. Rad1 a5 23. c4 Qa6 24. Qe7 Rg8 25. Bc3 a4 26. Rd8 axb3+
27. Kxb3 Rxd8 28. Qxg7# 1-0

[Event "Tournoi Skype 024B"]
[Site "Skype"]
[Date "????.??.??"]
[Round "4.40"]
[White "Bustos, Ricardo"]
[Black "Khatanhar, Mohit"]
[Result "1/2-1/2"]
[WhiteElo "1232"]
[BlackElo "1299"]
[PlyCount "65"]

1. d4 d5 2. c4 dxc4 3. Qa4+ Bd7 4. Qxc4 e6 5. e3 Nf6 6. Qc2 Nc6 7. a3 a6 8. Nf3
h6 9. Nc3 Bd6 10. e4 e5 11. dxe5 Nxe5 12. Nxe5 Bxe5 13. Bd3 Qe7 14. O-O O-O 15.
Ne2 c6 16. Bf4 Nh5 17. Bxe5 Qxe5 18. Rac1 Kh8 19. Qc3 Qg5 20. Ng3 Rae8 21. Be2
Nf4 22. Kh1 Nxe2 23. Nxe2 Rxe4 24. Ng3 Rh4 25. Qe3 Qg6 26. Rcd1 Be6 27. Rd4
Rxd4 28. Qxd4 Bd5 29. Re1 f5 30. Qc5 Kg8 31. f3 Qg5 32. Qf2 f4 33. Ne2 1/2-1/2

[Event "Tournoi Skype 024B"]
[Site "Skype"]
[Date "????.??.??"]
[Round "4.41"]
[White "Marty, Yvette"]
[Black "Berbedes, Jorgelina"]
[Result "0-1"]
[WhiteElo "1000"]
[BlackElo "1068"]
[PlyCount "54"]

1. e4 c5 2. c4 Nc6 3. d3 d6 4. Nd2 Nf6 5. Ngf3 e5 6. Nb3 Be7 7. Bg5 Bg4 8. Be2
Qd7 9. Bxf6 Bxf6 10. O-O Bxf3 11. Bxf3 O-O 12. Qd2 Rfe8 13. Na5 b6 14. Nxc6
Qxc6 15. b4 a6 16. bxc5 Qxc5 17. a4 Bh4 18. g3 Bd8 19. Rae1 Re6 20. Kg2 b5 21.
axb5 axb5 22. Rc1 b4 23. Rb1 Ba5 24. Bg4 Rg6 25. Bh5 Rh6 26. Bg4 b3 27. Rxb3
Bxd2 0-1

[Event "Tournoi Skype 024B"]
[Site "Skype"]
[Date "????.??.??"]
[Round "4.43"]
[White "Gagnon, Sindy"]
[Black "Tembhurnekar, Ritu"]
[Result "0-1"]
[WhiteElo "1000"]
[BlackElo "1000"]
[PlyCount "66"]

1. e4 c6 2. Nf3 d5 3. exd5 cxd5 4. Bc4 e6 5. Bb5+ Bd7 6. Bd3 Nf6 7. O-O Bd6 8.
h3 e5 9. Nc3 e4 10. Nxe4 dxe4 11. Bc4 exf3 12. Qxf3 Bc6 13. Qe3+ Be7 14. d4 O-O
15. d5 Bxd5 16. Bd3 Nbd7 17. b3 Bc5 18. Qf4 Nh5 19. Qg4 Ndf6 20. Qf5 g6 21. Qg5
Be7 22. Qh6 Be4 23. Bc4 Bxc2 24. g4 Ng7 25. g5 Nf5 26. Qxf8+ Bxf8 27. Bb2 Nh5
28. Rac1 Bd3 29. Rfe1 Qxg5+ 30. Kh2 Bd6+ 31. Kh1 Nhg3+ 32. Kh2 Ne4+ 33. Kh1
Nxf2# 0-1

[Event "Tournoi Skype 024B"]
[Site "Skype"]
[Date "????.??.??"]
[Round "5.1"]
[White "Mishra, Sourabh"]
[Black "Singh, Suryapratap"]
[Result "0-1"]
[WhiteElo "1000"]
[BlackElo "1177"]
[PlyCount "50"]

1. e4 e5 2. Bc4 Bc5 3. Nf3 Nc6 4. Nc3 d6 5. O-O Nf6 6. d3 Na5 7. Bd5 c6 8. Bb3
b5 9. a3 Nxb3 10. cxb3 a5 11. Na2 O-O 12. b4 axb4 13. axb4 Bxb4 14. Bg5 Bc5 15.
d4 exd4 16. Bxf6 Qxf6 17. Qb3 Be6 18. Qc2 Rxa2 19. Rxa2 Bxa2 20. b3 Ra8 21. Ra1
d3 22. Qc1 d2 23. Qd1 Bd4 24. Nxd4 Qxd4 25. Qc2 Qxa1+ 0-1

[Event "Tournoi Skype 024B"]
[Site "Skype"]
[Date "????.??.??"]
[Round "5.2"]
[White "Tiberio, Pedro"]
[Black "Calderon, Francisco"]
[Result "1/2-1/2"]
[WhiteElo "1000"]
[BlackElo "1000"]
[PlyCount "29"]

1. e4 c5 2. Nc3 e6 3. Nf3 Nc6 4. d4 cxd4 5. Nxd4 Nge7 6. Ndb5 d5 7. Bf4 e5 8.
exd5 exf4 9. dxc6 Nxc6 10. Qxd8+ Kxd8 11. O-O-O+ Bd7 12. Bc4 Ne5 13. Bb3 a6 14.
Rhe1 f6 15. Nd4 1/2-1/2

[Event "Tournoi Skype 024B"]
[Site "Skype"]
[Date "????.??.??"]
[Round "5.3"]
[White "Franca, Diego"]
[Black "Amato, Ludovica"]
[Result "1-0"]
[WhiteElo "1359"]
[BlackElo "1289"]
[PlyCount "43"]

1. d4 d5 2. g3 c6 3. Bg2 Nf6 4. Nf3 Bf5 5. O-O h6 6. b3 e6 7. c4 dxc4 8. bxc4
Be7 9. Nc3 Nbd7 10. Re1 Bh7 11. d5 exd5 12. cxd5 Qc7 13. Bf4 Bd6 14. Bxd6 Qxd6
15. e4 Ng4 16. Nd4 Nge5 17. Nf5 Bxf5 18. exf5 O-O 19. dxc6 Qxd1 20. Raxd1 Rac8
21. cxd7 Rxc3 22. Rxe5 1-0

[Event "Tournoi Skype 024B"]
[Site "Skype"]
[Date "????.??.??"]
[Round "5.4"]
[White "Legueltel, Daniel"]
[Black "Morelli, Daniel"]
[Result "0-1"]
[WhiteElo "1544"]
[BlackElo "1351"]
[PlyCount "30"]

1. d4 e5 2. dxe5 Nc6 3. Nf3 Qe7 4. Nc3 Nxe5 5. e3 d6 6. Be2 Be6 7. O-O Nf6 8.
a3 a6 9. b4 b5 10. Bb2 g6 11. Nd4 Bc4 12. Bxc4 Nxc4 13. Bc1 Bg7 14. Qf3 Ne5 15.
Nc6 Nxf3+ 0-1

[Event "Tournoi Skype 024B"]
[Site "Skype"]
[Date "????.??.??"]
[Round "5.5"]
[White "De Nobrega, George"]
[Black "Navghane, Rahul"]
[Result "1/2-1/2"]
[WhiteElo "1346"]
[BlackElo "1482"]
[PlyCount "50"]

1. e4 e5 2. Nf3 Nc6 3. d4 exd4 4. Nxd4 Ne5 5. Nf3 Ng6 6. a3 Bc5 7. Bc4 d6 8. h3
Be6 9. Bxe6 fxe6 10. Nc3 N8e7 11. Ng5 e5 12. Ne6 Qd7 13. Nxg7+ Kf7 14. Nh5 Qe6
15. Qf3+ Kg8 16. Qf6 Qxf6 17. Nxf6+ Kg7 18. Nh5+ Kf7 19. O-O Rhf8 20. Bh6 Kg8
21. Bg5 Nc6 22. Nf6+ Rxf6 23. Kh2 d5 24. exd5 Rf3 25. b3 Rxc3 1/2-1/2

[Event "Tournoi Skype 024B"]
[Site "Skype"]
[Date "????.??.??"]
[Round "5.6"]
[White "Martin, Jean-Claude"]
[Black "Khabou, Taha"]
[Result "1/2-1/2"]
[WhiteElo "1471"]
[BlackElo "1344"]
[PlyCount "94"]

1. d4 e6 2. c4 Nf6 3. Nc3 d5 4. Bg5 dxc4 5. e4 Be7 6. Bxc4 Nc6 7. Bb5 Nxe4 8.
Bxe7 Nxc3 9. Bxd8 Nxd1 10. Rxd1 Kxd8 11. Nf3 Bd7 12. O-O Ke7 13. Rfe1 Kf8 14.
d5 exd5 15. Bxc6 Bxc6 16. Ne5 Re8 17. Re3 f6 18. Nxc6 Rxe3 19. fxe3 bxc6 20.
Rc1 Ke7 21. Rxc6 Kd7 22. Ra6 Rb8 23. b3 Rb7 24. Ra4 f5 25. Rd4 Ke6 26. Kf2 c6
27. Kf3 g5 28. g4 Ke5 29. gxf5 Kxf5 30. h4 gxh4 31. Rxh4 Rg7 32. Rf4+ Ke5 33.
e4 d4 34. Rf5+ Ke6 35. Rc5 Kd6 36. Rc4 c5 37. b4 Kc6 38. Rxc5+ Kb6 39. Rd5 Kc6
40. Rxd4 h5 41. e5 Kb5 42. e6 Ka4 43. Rd7 Rg8 44. e7 Re8 45. Rxa7+ Kxb4 46. Kg3
Kc5 47. Kh4 Kd6 1/2-1/2

[Event "Tournoi Skype 024B"]
[Site "Skype"]
[Date "????.??.??"]
[Round "5.7"]
[White "Vincent, Andre"]
[Black "Couto, Januario"]
[Result "1/2-1/2"]
[WhiteElo "1330"]
[BlackElo "1441"]
[PlyCount "34"]

1. c4 f5 2. Nc3 Nf6 3. d3 g6 4. g3 Bg7 5. Bg2 e5 6. Nf3 d6 7. Bg5 Nbd7 8. O-O
O-O 9. Re1 h6 10. Bd2 a6 11. Qc1 g5 12. h3 Qe8 13. Qc2 Nc5 14. e4 fxe4 15. dxe4
c6 16. b4 Ne6 17. Rab1 Qh5 1/2-1/2

[Event "Tournoi Skype 024B"]
[Site "Skype"]
[Date "????.??.??"]
[Round "5.8"]
[White "Scata, Laura"]
[Black "Kruzeniski, Randy"]
[Result "0-1"]
[WhiteElo "1304"]
[BlackElo "1435"]
[PlyCount "48"]

1. d4 d5 2. Nf3 Nf6 3. h3 e6 4. Bf4 c5 5. c3 Nc6 6. e3 Be7 7. Bd3 c4 8. Bc2 b5
9. Nbd2 a5 10. a3 a4 11. O-O O-O 12. e4 dxe4 13. Nxe4 Bb7 14. Qb1 Nxe4 15. Bxe4
f5 16. d5 fxe4 17. dxc6 Bxc6 18. Nd4 Bd5 19. Nxb5 Rxf4 20. Nd4 Bc5 21. Ne2 Rf6
22. Qc2 Qb6 23. Rad1 Bxf2+ 24. Rxf2 Rxf2 0-1

[Event "Tournoi Skype 024B"]
[Site "Skype"]
[Date "????.??.??"]
[Round "5.9"]
[White "Erten, Ozlem"]
[Black "Cayo, Ana Carolina"]
[Result "0-1"]
[WhiteElo "1302"]
[BlackElo "1424"]
[PlyCount "34"]

1. d4 Nf6 2. Bf4 d5 3. e3 c5 4. c3 Nc6 5. dxc5 a5 6. Nd2 e6 7. Ne2 Bxc5 8. Nb3
Bd6 9. Bxd6 Qxd6 10. Ned4 a4 11. Nxc6 bxc6 12. Nd4 e5 13. Nf3 e4 14. Nd4 O-O
15. Be2 Bd7 16. O-O Rfb8 17. Qc2 c5 0-1

[Event "Tournoi Skype 024B"]
[Site "Skype"]
[Date "????.??.??"]
[Round "5.11"]
[White "Pezzolato, Erica"]
[Black "Yilmazer, Seher"]
[Result "0-1"]
[WhiteElo "1000"]
[BlackElo "1173"]
[PlyCount "66"]

1. Nf3 Nf6 2. g3 b5 3. Bg2 Bb7 4. O-O e6 5. d3 d5 6. a3 Bd6 7. Bd2 O-O 8. Nc3
a6 9. Re1 Nc6 10. e4 dxe4 11. dxe4 Ne5 12. Nxe5 Bxe5 13. Rb1 Qd6 14. Be3 Bxc3
15. Qxd6 cxd6 16. bxc3 Bxe4 17. Bxe4 Nxe4 18. Bd4 Nd2 19. Rb4 Nf3+ 20. Kf1 Nxe1
21. Kxe1 Rac8 22. a4 e5 23. Be3 Rxc3 24. Kd2 Rfc8 25. Rb2 bxa4 26. Ra2 R8c4 27.
Bb6 a3 28. Ba5 Rf3 29. Bb6 d5 30. Ke2 e4 31. Be3 d4 32. Bd2 Rxc2 33. Rxc2 d3+
0-1

[Event "Tournoi Skype 024B"]
[Site "Skype"]
[Date "????.??.??"]
[Round "5.12"]
[White "Escudero Ocana, Francisco"]
[Black "Harmelle, Dominique"]
[Result "1-0"]
[WhiteElo "1363"]
[BlackElo "1551"]
[PlyCount "47"]

1. e4 c5 2. Nf3 e6 3. Nc3 Nc6 4. Bb5 a6 5. Bxc6 bxc6 6. O-O Nf6 7. Re1 d6 8. d3
e5 9. h3 Be7 10. Bg5 h6 11. Bxf6 Bxf6 12. Qd2 O-O 13. b3 Re8 14. Rad1 Bb7 15.
Qe3 Qc7 16. Ne2 Rad8 17. c4 Bc8 18. Ng3 Be6 19. Nh5 Qe7 20. Kh2 d5 21. Nxf6+
gxf6 22. Qxh6 dxe4 23. Rxe4 Bf5 24. Rh4 1-0

[Event "Tournoi Skype 024B"]
[Site "Skype"]
[Date "????.??.??"]
[Round "5.13"]
[White "Malbec, Robert"]
[Black "Ruiz Gomez, Luz Alba"]
[Result "1-0"]
[WhiteElo "1451"]
[BlackElo "1218"]
[PlyCount "151"]

1. e4 e5 2. Nf3 Nc6 3. Bc4 Bc5 4. c3 Nf6 5. d4 exd4 6. cxd4 Bb4+ 7. Bd2 Bxd2+
8. Nbxd2 d5 9. exd5 Nxd5 10. Qb3 Nce7 11. O-O O-O 12. Ne5 c6 13. Ndf3 h6 14. a4
Bf5 15. Rfe1 Re8 16. Re2 Qc7 17. Rae1 Rad8 18. Nh4 Bh7 19. Re3 Nf5 20. Re4 Nxd4
21. Rxd4 Rxe5 22. Red1 Qe7 23. Nf3 Rh5 24. Re1 Qf6 25. Qxb7 a5 26. Qa6 Bf5 27.
Qxa5 Be6 28. Qd2 Qg6 29. Kh1 Bg4 30. Ne5 Qf5 31. Nxg4 Rg5 32. f3 h5 33. Ne5 Qf6
34. Bxd5 Rxd5 35. Rxd5 cxd5 36. Qxd5 Qf4 37. Qa8+ Kh7 38. Qe4+ Rf5 39. Qxf4
Rxf4 40. g3 Rxa4 41. Nxf7 Ra8 42. Ng5+ Kh6 43. Ne4 Rb8 44. Re2 Re8 45. Kg2 Re7
46. Kh3 Re5 47. g4 Rd5 48. gxh5 Rxh5+ 49. Kg3 Rb5 50. h4 Kh5 51. f4 Rb3+ 52.
Nc3 Rb4 53. Re5+ Kh6 54. Re2 Kh5 55. Nd5 Rb5 56. Ne3 Rc5 57. Ng2 Rc6 58. Re5+
Kh6 59. Re4 Rg6+ 60. Kf3 Rb6 61. b4 Rc6 62. f5 Rf6 63. Re6 Kh7 64. Rxf6 gxf6
65. b5 Kg8 66. b6 Kf8 67. b7 Ke7 68. b8=Q Kd7 69. Qf8 Kc6 70. Qxf6+ Kd7 71.
Qf7+ Kd6 72. f6 Ke5 73. Qe7+ Kf5 74. f7 Kg6 75. Nf4+ Kf5 76. f8=Q# 1-0

[Event "Tournoi Skype 024B"]
[Site "Skype"]
[Date "????.??.??"]
[Round "5.14"]
[White "Milanese, Serge"]
[Black "Sanchez Padilla, Armando Edilber"]
[Result "0-1"]
[WhiteElo "1411"]
[BlackElo "1271"]
[PlyCount "86"]

1. d4 d5 2. c4 c6 3. Nc3 Nf6 4. e3 Bf5 5. Nf3 e6 6. a3 Bd6 7. cxd5 cxd5 8. Bd3
Ne4 9. O-O Qc7 10. Nb5 Qc6 11. Nxd6+ Nxd6 12. Ne5 Qc7 13. Bxf5 Nxf5 14. g3 O-O
15. Bd2 a5 16. Rc1 Qb6 17. Rc2 Qd8 18. Qe2 f6 19. Nf3 Nd7 20. e4 dxe4 21. Qxe4
Re8 22. Bf4 Ra7 23. Bc7 Qe7 24. Re2 Nd6 25. Bxd6 Qxd6 26. d5 Nc5 27. Qc4 e5 28.
Rc1 b6 29. Nd4 Qd7 30. Qb5 Qf7 31. Qxb6 exd4 32. Rxe8+ Qxe8 33. Qxa7 Nd3 34.
Rf1 Qe5 35. Qa8+ Kf7 36. Qxa5 Nxb2 37. Re1 Nc4 38. Qa8 Qxe1+ 39. Kg2 Qe4+ 40.
Kg1 d3 41. Qb7+ Kg6 42. Qd7 d2 43. Qa4 Qe1+ 0-1

[Event "Tournoi Skype 024B"]
[Site "Skype"]
[Date "????.??.??"]
[Round "5.15"]
[White "Silva, Givson"]
[Black "Mimouni, Driss"]
[Result "1-0"]
[WhiteElo "1320"]
[BlackElo "1058"]
[PlyCount "90"]

1. e4 e5 2. Nf3 d6 3. Bc4 Nf6 4. Nc3 Nbd7 5. d4 Ng4 6. h3 Ngf6 7. Ng5 d5 8.
Nxd5 Be7 9. Nxe7 Qxe7 10. Qd3 Qb4+ 11. Bd2 Qxb2 12. O-O O-O 13. Bc3 Qb6 14.
dxe5 Nxe5 15. Bxe5 Be6 16. Nxe6 fxe6 17. Rab1 Qc6 18. f3 Rad8 19. Qb3 b6 20.
Bxe6+ Kh8 21. Rbd1 Rxd1 22. Rxd1 Re8 23. Bf7 Rf8 24. Qc4 Qc5+ 25. Qxc5 bxc5 26.
Bb3 c6 27. Bxf6 gxf6 28. Rd6 f5 29. e5 Re8 30. e6 Kg7 31. Ba4 Kf6 32. Bb3 Ke7
33. Rxc6 f4 34. Rxc5 Kd6 35. Ra5 Kc7 36. Rxa7+ Kb6 37. Rxh7 Rd8 38. e7 Rd1+ 39.
Kh2 Re1 40. Rf7 Kc6 41. Ba4+ Kd6 42. e8=Q Rxe8 43. Bxe8 Ke6 44. c4 Ke5 45. c5
Ke6 1-0

[Event "Tournoi Skype 024B"]
[Site "Skype"]
[Date "????.??.??"]
[Round "5.16"]
[White "Bankhede, Shivkumar"]
[Black "Almiron, Patricia"]
[Result "1-0"]
[WhiteElo "1274"]
[BlackElo "1304"]
[PlyCount "65"]

1. d4 d5 2. c4 e6 3. Nf3 Nf6 4. Nc3 Bd6 5. Bg5 O-O 6. e3 b6 7. cxd5 exd5 8.
Nxd5 Nbd7 9. Rc1 Bb7 10. Nc3 c5 11. Nb5 Be7 12. Be2 a6 13. Na3 Re8 14. O-O h6
15. Bh4 a5 16. Qb3 a4 17. Qc3 Nd5 18. Qd2 Bxh4 19. Nxh4 Qxh4 20. dxc5 bxc5 21.
Rxc5 Nxc5 22. Bf3 Re5 23. Qd4 Qxd4 24. exd4 Rg5 25. dxc5 Rc8 26. b4 Ba6 27. b5
Rxc5 28. bxa6 Rc3 29. Nb5 Rc4 30. a7 Rc8 31. h4 Rf5 32. Nd6 Rb8 33. axb8=Q+ 1-0

[Event "Tournoi Skype 024B"]
[Site "Skype"]
[Date "????.??.??"]
[Round "5.17"]
[White "Rosenkoetter, David"]
[Black "Lucena Vaz, Jose"]
[Result "0-1"]
[WhiteElo "1000"]
[BlackElo "1000"]
[PlyCount "110"]

1. Nf3 Nf6 2. d4 g6 3. Bf4 Bg7 4. Nc3 d6 5. b3 Nbd7 6. e4 O-O 7. Bd3 Re8 8. O-O
e5 9. Bg5 c6 10. Qd2 Qb6 11. dxe5 Nxe5 12. Nxe5 dxe5 13. Rad1 Bg4 14. Rde1 Rad8
15. Kh1 Be6 16. h3 Rd7 17. Na4 Qc7 18. Nc5 Rd6 19. Nxe6 Rexe6 20. f3 Nh5 21.
Qf2 Bf6 22. f4 Bxg5 23. fxg5 b6 24. Bc4 Re7 25. g3 Qd7 26. Kg1 Rd2 27. Qf3 b5
28. Be2 Qxh3 29. g4 Qg3+ 30. Qg2 Qxg2+ 31. Kxg2 Nf4+ 32. Kf3 Rxc2 33. a4 a6 34.
axb5 axb5 35. Bd1 Rd2 36. Rh1 Red7 37. b4 R7d3+ 38. Re3 Rxd1 39. Rxd1 Rxd1 40.
Rc3 Rd4 41. Rb3 Ne6 42. Ke3 Nxg5 43. Rd3 Rxe4+ 44. Kf2 Rxb4 45. Rd8+ Kg7 46.
Rd6 c5 47. Rd5 c4 48. Rxe5 Rb2+ 49. Kf1 Kf6 50. Rc5 Ne6 51. Rc6 Kg5 52. Rc8
Kxg4 53. Rh8 Ng5 54. Kg1 Kg3 55. Rc8 Rb1# 0-1

[Event "Tournoi Skype 024B"]
[Site "Skype"]
[Date "????.??.??"]
[Round "5.18"]
[White "Maccaferri, Massimo"]
[Black "Teles, Jeferson Lisboa"]
[Result "1-0"]
[WhiteElo "1248"]
[BlackElo "1554"]
[PlyCount "61"]

1. b3 Nf6 2. Ba3 g6 3. Nc3 Bg7 4. e3 O-O 5. g4 d5 6. g5 Ne4 7. h4 Nxc3 8. dxc3
Bxc3+ 9. Ke2 Bxa1 10. Qxa1 Nc6 11. Bb2 f6 12. f4 d4 13. exd4 Bg4+ 14. Kf2 e5
15. Kg3 exf4+ 16. Kxg4 Qd7+ 17. Kxf4 fxg5+ 18. Kg3 Qd6+ 19. Kg2 Qd5+ 20. Kg3
Qxh1 21. Bc4+ Rf7 22. Bxf7+ Kxf7 23. Qf1+ Ke7 24. Ba3+ Ke6 25. hxg5 b6 26. Qc4+
Kd7 27. Nf3 Rd8 28. Qd5+ Kc8 29. Qxc6 Rxd4 30. Qa8+ Kd7 31. Ne5+ 1-0

[Event "Tournoi Skype 024B"]
[Site "Skype"]
[Date "????.??.??"]
[Round "5.19"]
[White "Pouteau, Pascal"]
[Black "De Coninck, Philippe"]
[Result "1/2-1/2"]
[WhiteElo "1470"]
[BlackElo "1475"]
[PlyCount "51"]

1. d4 e5 2. dxe5 Nc6 3. Nf3 Qe7 4. Nc3 Nxe5 5. e4 Nf6 6. Bg5 h6 7. Nd5 Nxf3+ 8.
Qxf3 Qd6 9. Bf4 Qc6 10. Nxc7+ Kd8 11. Nxa8 Bd6 12. Bxd6 Qxd6 13. Rd1 Qb4+ 14.
c3 Qxe4+ 15. Qxe4 Nxe4 16. Bd3 Re8 17. O-O d5 18. f3 Nf6 19. c4 Be6 20. cxd5
Bxd5 21. Rc1 Bc6 22. Rfd1 Kc8 23. Bb5 Re6 24. Bc4 Re7 25. Bb5 Re6 26. Bc4
1/2-1/2

[Event "Tournoi Skype 024B"]
[Site "Skype"]
[Date "????.??.??"]
[Round "5.20"]
[White "Lecluyse, Koenraad"]
[Black "Duthoit, Bernard"]
[Result "0-1"]
[WhiteElo "1227"]
[BlackElo "1410"]
[PlyCount "52"]

1. d4 e5 2. dxe5 Nc6 3. Nf3 Qe7 4. Bf4 Qb4+ 5. Nc3 Qxb2 6. Bd2 Nb4 7. Rc1 Nxa2
8. Nxa2 Qxa2 9. e3 Qe6 10. Bd3 b6 11. Qe2 Bb7 12. Ng5 Qxe5 13. e4 Nf6 14. Bc4
d5 15. Bxd5 Bxd5 16. exd5 Qxe2+ 17. Kxe2 Nxd5 18. Rhe1 f6 19. Kf1+ Be7 20. Ne6
Kf7 21. Nd4 Rhe8 22. c4 Nb4 23. Bxb4 Bxb4 24. Nc6 Rxe1+ 25. Rxe1 Bxe1 26. Kxe1
Re8+ 0-1

[Event "Tournoi Skype 024B"]
[Site "Skype"]
[Date "????.??.??"]
[Round "5.21"]
[White "Carballo, Jorge"]
[Black "Prasad, Sanjay"]
[Result "1-0"]
[WhiteElo "1398"]
[BlackElo "1219"]
[PlyCount "97"]

1. e4 e5 2. Nf3 d6 3. Bc4 h6 4. a3 Nf6 5. d3 Nc6 6. O-O Be7 7. Nc3 a6 8. Re1
Na5 9. Ba2 O-O 10. d4 exd4 11. Nxd4 c5 12. Nf3 Nc6 13. h3 Ne5 14. Nxe5 dxe5 15.
Qxd8 Rxd8 16. Be3 b5 17. Nd5 Nxd5 18. Bxd5 Ra7 19. b4 Rc7 20. Bxc5 Bxc5 21.
bxc5 Rxc5 22. Rad1 Kf8 23. Rd2 f5 24. Red1 fxe4 25. Bxe4 Rxd2 26. Rxd2 Ke7 27.
Rd5 Rxd5 28. Bxd5 Kd6 29. Be4 Be6 30. f3 a5 31. c3 Kc5 32. Bd3 a4 33. Kf2 Bc4
34. Bg6 b4 35. cxb4+ Kd4 36. Be8 Kc3 37. Bxa4 Kb2 38. Bc6 Kxa3 39. b5 Kb4 40.
b6 Ba6 41. b7 Bxb7 42. Bxb7 Kc5 43. Kg3 Kd6 44. Kg4 Ke6 45. g3 Kf6 46. h4 g6
47. Kh3 Kf5 48. Be4+ Kf6 49. g4 1-0

[Event "Tournoi Skype 024B"]
[Site "Skype"]
[Date "????.??.??"]
[Round "5.22"]
[White "Hernandez, George"]
[Black "Vervoort, Jean-Louis"]
[Result "1-0"]
[WhiteElo "1378"]
[BlackElo "1217"]
[PlyCount "21"]

1. e4 d5 2. exd5 Qxd5 3. Nc3 Qa5 4. d4 e5 5. d5 Nf6 6. Bd2 Qc5 7. Be3 Qd6 8.
Nb5 Qb4+ 9. c3 Qa5 10. b4 Qa6 11. Nxc7+ 1-0

[Event "Tournoi Skype 024B"]
[Site "Skype"]
[Date "????.??.??"]
[Round "5.23"]
[White "Borg, Anthony"]
[Black "Baker, Abi"]
[Result "1-0"]
[WhiteElo "1363"]
[BlackElo "1198"]
[PlyCount "71"]

1. e4 e6 2. Nf3 Nf6 3. e5 Be7 4. exf6 Bxf6 5. Nc3 O-O 6. Bd3 d5 7. O-O e5 8.
Bb5 c6 9. Ba4 b5 10. Bb3 a5 11. a4 b4 12. Ne2 e4 13. Nfd4 Qc7 14. c3 c5 15. Nb5
Qe5 16. cxb4 axb4 17. Re1 Be7 18. Bc2 Ba6 19. d4 Qh5 20. dxc5 Bxc5 21. Kh1 Bxf2
22. Rf1 Bb6 23. Ra3 bxa3 24. bxa3 d4 25. Qd2 Bxb5 26. axb5 Qxb5 27. Rf4 e3 28.
Qd1 Qh5 29. Qd3 Bc7 30. h3 Nc6 31. Rf5 Qg6 32. Qb5 Ra5 33. Qd3 Ne5 34. Nf4 Qg3
35. Rxe5 Bxe5 36. Qxh7# 1-0

[Event "Tournoi Skype 024B"]
[Site "Skype"]
[Date "????.??.??"]
[Round "5.24"]
[White "Codina, Teresa"]
[Black "Torres, Vicky"]
[Result "1-0"]
[WhiteElo "1159"]
[BlackElo "1333"]
[PlyCount "45"]

1. e4 e5 2. Nf3 Nc6 3. Bb5 d6 4. O-O Bd7 5. a3 Nf6 6. Re1 Be7 7. c4 O-O 8. Nc3
a6 9. Ba4 Be6 10. Nd5 Nxd5 11. cxd5 Bxd5 12. exd5 Nd4 13. Nxd4 exd4 14. d3 b5
15. Bb3 Rc8 16. Qg4 Bf6 17. Bd2 h6 18. a4 Rb8 19. Rac1 bxa4 20. Bxa4 Rxb2 21.
Bxh6 Kh7 22. Bf4 Rg8 23. Qh5# 1-0

[Event "Tournoi Skype 024B"]
[Site "Skype"]
[Date "????.??.??"]
[Round "5.25"]
[White "Porcabeuf, Jean-Marc"]
[Black "Castellar, Juarez Iorio"]
[Result "0-1"]
[WhiteElo "1098"]
[BlackElo "1324"]
[PlyCount "40"]

1. e4 c5 2. Nf3 d6 3. d4 cxd4 4. Nxd4 Nf6 5. Nc3 a6 6. h3 e6 7. Bd3 Be7 8. O-O
O-O 9. f4 Nbd7 10. Nf3 Nc5 11. e5 Ne8 12. Bc4 b5 13. Be2 Rb8 14. b4 Nd7 15.
exd6 Bxd6 16. Bd3 Bxb4 17. Bd2 Be7 18. Ng5 g6 19. Qg4 Ndf6 20. Nce4 Nxg4 0-1

[Event "Tournoi Skype 024B"]
[Site "Skype"]
[Date "????.??.??"]
[Round "5.26"]
[White "Battaglia, Gabriele"]
[Black "Asterio Dos Santos, Douglas"]
[Result "1-0"]
[WhiteElo "1282"]
[BlackElo "1000"]
[PlyCount "47"]

1. Nf3 d5 2. g3 Nf6 3. Bg2 e6 4. O-O Be7 5. d3 O-O 6. Nbd2 Nbd7 7. c4 b6 8.
cxd5 Nxd5 9. e4 N5f6 10. e5 Ng4 11. d4 c5 12. Re1 Bb7 13. Nb3 cxd4 14. Qxd4
Nxf2 15. Kxf2 Nc5 16. Be3 Qc7 17. Rac1 Rad8 18. Qg4 g6 19. Nbd4 Rd7 20. Bg5 Bd8
21. Bf6 Re8 22. Qg5 Qb8 23. Qh6 Ne4+ 24. Rxe4 1-0

[Event "Tournoi Skype 024B"]
[Site "Skype"]
[Date "????.??.??"]
[Round "5.27"]
[White "Felippe E Silva, Glenda"]
[Black "Hargez, Dany"]
[Result "1-0"]
[WhiteElo "1259"]
[BlackElo "1277"]
[PlyCount "81"]

1. d4 d5 2. Nf3 Bf5 3. Bf4 Nf6 4. e3 e6 5. Bd3 Be4 6. Bxe4 dxe4 7. Ng5 h6 8.
Nh3 Bb4+ 9. c3 Bd6 10. Nd2 Bxf4 11. Nxf4 Nbd7 12. O-O e5 13. Ne2 Ng4 14. Nxe4
Ndf6 15. Nxf6+ Qxf6 16. h3 h5 17. hxg4 hxg4 18. Ng3 O-O-O 19. Qxg4+ Kb8 20. Ne4
Qh6 21. Qh3 Qg6 22. Qf3 f5 23. Nc5 e4 24. Qg3 Qh5 25. f3 g5 26. Ne6 Rdg8 27.
Qxc7+ Ka8 28. Nc5 Rb8 29. Kf2 Qh4+ 30. Qg3 f4 31. Qxh4 fxe3+ 32. Kxe3 Rxh4 33.
fxe4 Rbh8 34. d5 Rg4 35. Rf2 Rg3+ 36. Kd4 b5 37. d6 Kb8 38. Raf1 Rd8 39. Rf8
Kc8 40. Rxd8+ Kxd8 41. Rf8# 1-0